00321 2200145 4500001002100000005001500021035002000036245003100056100001100087300001200098260003100110082000800141084001400149990001200163INLIS00000000000233920250528102000 a0010-05250006311 aTeguh Anak Jadah /cDonngo0 aDonngo a436 hlm aYogyakarta :bOmbak,c2005 a813 a813 DON t a0712641